| 000 | 00754nam a2200253 a 4500 | ||
|---|---|---|---|
| 001 | BRCA_7596 | ||
| 005 | 20190320205914.0 | ||
| 008 | 210613s1905----gw-a######---#000-0#ger-# | ||
| 041 | _ager | ||
| 044 | _agw | ||
| 050 | 4 |
_aN6862 _b.B47 1905 |
|
| 100 | 1 |
_aBergner, Heinrich _918737 |
|
| 245 | 1 | 0 |
_aHandbuch der kirchlicher kunstaltertümern in Deutschland _cvon Heinrich Bergner. |
| 260 |
_aLeipzig, Alemania _bTauchnitz _c1905 |
||
| 300 |
_a619 p. _bil. 509 láminas _c26 cm. |
||
| 500 | _aIncluye índice de ilustraciones | ||
| 500 | _aS117 | ||
| 650 | 1 | 4 |
_aArquitectura religiosa _zAlemania _918738 |
| 650 | 1 | 4 |
_aArte románico _918664 |
| 650 | 1 | 4 |
_aArte gótico _95920 |
| 650 | 1 | 4 |
_aOrfebrería _zAlemania _918739 |
| 902 | _aGFM | ||
| 942 |
_2lcc _cB |
||
| 999 |
_c7270 _d7270 |
||